| 000 | 01278nam1a2200301 4500 | ||
|---|---|---|---|
| 001 | RU\NLR\BIBL_A\022519722 | ||
| 005 | 20250807185222.0 | ||
| 035 | _a(NLR Aleph) 022519722 | ||
| 090 |
_a88121 _c88121 |
||
| 100 | _a20250807 rusy50 | ||
| 101 | 0 | _atuk | |
| 102 | _aTM | ||
| 105 | _aa z 000 y | ||
| 181 | 0 |
_ai _baxxe |
|
| 182 | 0 | _an | |
| 200 | 1 |
_aАлгебраик меселелериң йыгындысы _eдолы дәл орта ве орта мектеплер үчин _fН. А. Шапошников ве Н. К. Вальцев |
|
| 203 |
_aТекст _bвизуальный _cнепосредственный |
||
| 205 | _a7-нҗи нешири | ||
| 210 |
_aАшгабат _cТүркмендѳвлетнешир _d1945 |
||
| 215 | _d21 | ||
| 541 | 1 |
_aСборник алгебраических задач _e[для непол сред. и сред. шк.] _zrus |
|
| 700 | 1 |
_aШапошников _bН. А. _gНиколай Александрович _4070 |
|
| 701 | 1 |
_aВальцов _bН. К. _f1858-1900 _gНиколай Константинович _3RU\NLR\AUTH\770278607 _4070 |
|
| 852 |
_aNLR _bОНЛ _jТурк./3-785 |
||
| 942 | _cBOOK | ||
| 945 | _aРоссийская национальная библиотека | ||
| 980 | _aBV | ||